LEADER 01912nam 2200577Ia 450 001 9910454062003321 005 20200520144314.0 010 $a0-7914-7726-6 010 $a1-4416-0772-2 035 $a(CKB)1000000000755890 035 $a(OCoLC)365461085 035 $a(CaPaEBR)ebrary10575867 035 $a(SSID)ssj0000100405 035 $a(PQKBManifestationID)11114078 035 $a(PQKBTitleCode)TC0000100405 035 $a(PQKBWorkID)10036562 035 $a(PQKB)11532980 035 $a(MiAaPQ)EBC3407441 035 $a(Au-PeEL)EBL3407441 035 $a(CaPaEBR)ebr10575867 035 $a(EXLCZ)991000000000755890 100 $a20080418d2009 ub 0 101 0 $aeng 135 $aurcn||||||||| 181 $ctxt 182 $cc 183 $acr 200 10$aAging by the book$b[electronic resource] $ethe emergence of midlife in Victorian Britain /$fKay Heath 210 $aAlbany $cSUNY Press$dc2009 215 $a1 online resource (262 p.) 225 1 $aSUNY series, studies in the long nineteenth century 300 $aBibliographic Level Mode of Issuance: Monograph 311 $a0-7914-7657-X 320 $aIncludes bibliographical references (p. 225-239) and index. 410 0$aSUNY series, studies in the long nineteenth century. 606 $aMiddle-aged women$xAttitudes 606 $aMiddle-aged women$zGreat Britain$xSocial conditions 607 $aGreat Britain$xHistory$yVictoria, 1837-1901 607 $aGreat Britain$xSocial life and customs$y19th century 608 $aElectronic books. 615 0$aMiddle-aged women$xAttitudes. 615 0$aMiddle-aged women$xSocial conditions. 676 $a305.2440941/09034 700 $aHeath$b Kay$f1953-$0925325 801 0$bMiAaPQ 801 1$bMiAaPQ 801 2$bMiAaPQ 906 $aBOOK 912 $a9910454062003321 996 $aAging by the book$92077594 997 $aUNINA LEADER 01229nam a2200289 i 4500 001 991002279199707536 005 20020503163443.0 008 000704s1978 it ||| | lat 035 $ab10341754-39ule_inst 035 $aEXGIL101263$9ExL 040 $aBiblioteca Interfacoltà$bita 082 0 $a378.45441 110 2 $aUniversità degli Studi, Parma$0284703 245 10$aCorpus statutorum almi Studii Parmensis (saec. 15.) :$bcon introduzione su La storia della Universita di Parma dalle origini al secolo 15. /$ca cura di Ugo Gualazzini 250 $a2. ed. riv. e ampliata 260 $aMilano :$bGiuffrè,$c1978 300 $aCCLXXIII, 200 p. :$b13 tav. ;$c25 cm. 490 0 $aMonografie sulla storia dell'Ateneo / Università di Parma 650 4$aParma - Università$xStatuti$ySec. 15. 650 4$aParma - Università$xStoria$yOrigini-Sec. 15. 700 1 $aGualazzini, Ugo 907 $a.b10341754$b21-02-17$c27-06-02 912 $a991002279199707536 945 $aLE002 St. XII G 27$g1$i2002000701596$lle002$o-$pE0.00$q-$rl$s- $t0$u0$v0$w0$x0$y.i10401180$z27-06-02 996 $aCorpus statutorum almi Studii Parmensis$91037276 997 $aUNISALENTO 998 $ale002$b01-01-00$cm$da $e-$flat$git $h0$i1